Responses for show #2173 - Wednesday, February 2, 1994

Tom Nichols game 3.

Contestants

Geoff Berman, a writer originally from Atlanta,Georgia

Judy Paullus, a computer programmer from Newbury Park, California

Tom Nichols, a professor originally from Chicopee, Massachusetts (whose 2-day cash winnings total $24,200)

[next game >>]

Jeopardy! Round responses

THE 1970s
GAME SHOWS
ETIQUETTE
CREEPY CRAWLY THINGS
COLLEGES & UNIVERSITIES
8-LETTER WORDS
    $100 6
inflation

Tom
    $100 11
The Newlywed Game

Tom
    $100 16
the national anthem

Tom
    $100 18
rats

Tom
    $100 1
Notre Dame

Tom
    $100 26
leapfrog

Geoff
    $200 7
Franco

Tom
    $200 12
(Tom: What is the Miss America Pageant?)

Truth or Consequences

Tom
Triple Stumper
    $200 17
(Tom: What is ask permission?)

touch his shoulder (tap him on the shoulder)

TomGeoff
    $200 19
worm

Tom
    $200 2
Harvard

Tom
    $200 27
carousel

Tom
    $300 8
(Geoff: What is the CIA?)

FBI

Geoff
Triple Stumper
    $300 13
Say

Tom
    $300 23
play a request

Tom
    $300 20
caterpillars

Geoff
    $300 3
New Zealand

Tom
    $300 28
colander

Tom
    $400 9
Akihito

Judy
    $400 14
Name That Tune

Tom
    $400 24
best man

Tom
    $400 21
slugs

Judy
    $400 4
Oxford

Tom
    $400 29
governor

Judy
    $500 10
(Judy: Who was George Bush?)

Andrew Young

Judy
    $500 15
(Geoff: What is "What's My Line?")

I've Got a Secret

Geoff
Triple Stumper
    $500 25
(Geoff: What is an uninvited guest?)

the guest of honor

JudyGeoff
    $500 22
cockroaches

Judy
    $500 5
Duke

Tom
    $500 30
familiar

Tom

Scores at the first commercial break (after clue 15):

Tom Judy Geoff
$2,400 -$100 -$800

Scores at the end of the Jeopardy! Round:

Tom Judy Geoff
$4,300 $1,700 -$700

Double Jeopardy! Round responses

THE OLD WEST
POLITICAL PARTY TIME
ARCHAEOLOGY
THE VIOLIN
WORLD CAPITALS
LITERATURE
    $200 15
(Tom: Who was "Wild Bill?")

"Buffalo Bill" (Cody)

TomGeoff
    $200 2
the Communist Party

Tom
    $200 20
Tut

Tom
    $200 27
[end-of-round signal sounds]

fiddle

Geoff
    $200 1
London

Tom
    $200 5
Erle Stanley Gardner

Geoff
    $400 16
Columbia

Judy
    $400 3
(Geoff: What are the blackshirts?)

Fascist

TomGeoff
    $400 21
Dead Sea Scrolls

Tom
    $400 10
Budapest

Geoff
    $400 6
(Judy: Who is Miss Haversham?)
(Tom: Who is Miss Haversham?)

Miss Havisham

TomJudy
Triple Stumper
    $600 17
Billy the Kid

Judy
    $600 4
the Greens

Judy
    $600 22
(Alex: About a minute to go.)

the eruption of Vesuvius

Geoff
    $600 11
Managua

Tom
    $600 7
Life with Father

Judy
    $800 18
wrangler

Tom
    $800 12
Labour

Tom
    $800 23
Caligula

Triple Stumper
    $1,000 14
Brasilia

Tom
    $800 8
The Man Without a Country

Geoff
    $1000 25
the Golden Spike

Judy
    $1000 13
(Tom: Who was Mulroney?)

Kim Campbell

Tom
Triple Stumper
    $1000 24
Homo habilus

Tom
    $1000 26
pizzicato

Tom
    $1000 19
(Tom: What is Helsinki?)

Copenhagen

Tom
Triple Stumper
    $1000 9
Somerset Maugham

Triple Stumper

Scores at the end of the Double Jeopardy! Round:

Tom Judy Geoff
$8,300 $4,500 $1,300

[wagering suggestions for these scores]

Final Jeopardy! Round responses

ORGANIZATIONS
GeoffWhat is the Salvation Army?
$1,000
JudyWhat is the French For Leg.?
$4,400
TomWhat is the Fr. Foreign Legion?
$800
The Salvation Army

Final scores:

Tom Judy Geoff
$7,500 $100 $2,300
3-day champion: $31,700 3rd place: His & Her Daniel Mink watches 2nd place: Trip to Miami, Florida & 7-day cruise

Game dynamics:

Coryat scores:

Tom Judy Geoff
$8,100 $5,000 $1,300
29 R
(including 1 DD),
6 W
10 R,
2 W
(including 1 DD)
9 R,
4 W

Combined Coryat: $14,400

The J! Archive is created by fans, for fans. The Jeopardy! game show and all elements thereof, including but not limited to copyright and trademark thereto, are the property of Jeopardy Productions, Inc. and are protected under law. This website is not affiliated with, sponsored by, or operated by Jeopardy Productions, Inc. Join the discussion at JBoard.tv.